000 00426nmm a2200157Ia 4500
008 251105s9999||||xx |||||||||||||||||und||
041 _aspa
100 _aHill, Gerri
245 0 _aEn el nombre del padre
264 _a[Madrid, España] :
_bEditorial Egales,
_c2018
300 _a307 páginas
490 _aNarrativa
650 _aErotic novel
856 _uhttps://public.digitaliapublishing.com/a/175332
942 _cCF
999 _c100144
_d100144